000 01044nam a22002657a 4500
005 20111010134817.0
008 111010t xxu||||| |||| 00| 0 eng d
010 _aENG-103927
020 _a9788122204902
_c130.00
035 _aEN-87460
037 _bDBAD / PUB
040 _adpl
_bEnglish
082 _a248.86
100 _935374
_aSchuller, Robert A.
245 _aWhat happens to good people when bad things happen /
_cby Robert H. Schuller
260 _aNew Delhi
_bOrient Paperbacks
_c2011
270 _a5A/8, Ansari Road
_bNew Delhi
_e110002
300 _a202p.
_c21cm (pbk)
650 _935375
_aSuffering
_xReligious aspects
_x Christianity.
650 _aConsolation.
_935421
700 _935376
942 _2ddc
_cEN
_mSCH
_h248.86
999 _c57466
_d57466